El poder del Opus Dei: y otros artículos sobre religión

保存先:
書誌詳細
フォーマット: 図書
出版事項: Santiago, Chile: Aún Creemos en los Sueños, 2001.
シリーズ:Selección de Artículos de Le Monde Diplomatique,
主題:
タグ: タグ追加
タグなし, このレコードへの初めてのタグを付けませんか!

MARC

LEADER 00000nam a2200000 a 4500
001 UCI6728
003 CL-VaPUC
005 20250422123604.0
008 250421t2001 ||||| |||| 00| 0 eng d
999 |c 330177  |d 330175 
020 |a 956-8134-02-6 
040 |c Pontificia Universidad Católica de Valparaíso 
082 0 4 |a 267.182 POD 2001  |2 21 
245 1 3 |a El poder del Opus Dei: y otros artículos sobre religión 
260 |a Santiago, Chile:  |b Aún Creemos en los Sueños,  |c 2001. 
300 |a 60 páginas. 
490 0 |a Selección de Artículos de Le Monde Diplomatique,   |n  11. 
500 |a c.2 Donación Bibliotecóloga Juana González. Memo Curauma 07-04-2025 
583 |a last modification  |c 20080523 00:00:00  |k Rodrigo Vera 
600 0 |a Opus Dei  |2 CL-VaPUC  |9 464212 
650 0 |a Filosofía de la religión   |9 256017 
650 0 |a Sectas religiosas  |2 CL-VaPUC  |9 408062 
650 0 |a Catolicismo  |9 258690 
942 |c BK  |2 ddc 
945 |d 20080523 00:00:00  |a cmena 
952 |0 0  |1 0  |4 0  |6 267_182000000000000_POD_2001  |7 0  |8 A  |9 415586  |a BIBCUR  |b BIBCUR  |d 2019-11-22  |i 4440579  |o 267.182 POD 2001  |p 4440579  |r 2025-04-22  |w 2019-11-22  |y BK  |k PER 
952 |0 0  |1 0  |2 ddc  |4 0  |6 267_182000000000000_POD_2001  |7 0  |8 A  |9 602609  |a BIBCUR  |b BIBCUR  |d 2025-04-21  |e Donación  |i 5667243  |o 267.182 POD 2001  |p 5667243  |r 2025-04-21  |t 2  |w 2025-04-21  |y BK  |k CAC